[Event "Otocec Krka Terme op"]
[Site "Otocec"]
[Date "2018.12.28"]
[Round "8"]
[White "Sumak, Klemen"]
[Black "Brinovar, Rosa"]
[Result "0-1"]
[WhiteElo "1569"]
[BlackElo "1575"]
[PlyCount "50"]
[EventDate "2018.12.25"]
[EventType "swiss"]
[EventRounds "9"]
[EventCountry "SLO"]
[SourceTitle "EXT 2020"]
[Source "ChessBase"]
[SourceDate "2019.10.17"]
[SourceVersion "1"]
[SourceVersionDate "2019.10.17"]
[SourceQuality "1"]

1. e4 c5 2. Nf3 Qa5 3. Bc4 e6 4. 0-0 Nf6 5. Nc3 Qc7 6. Nb5 Qf4 7. d3 Qg4 8. h3 Qg6 9. Bg5 Kd8 10. e5 Be7 11. exf6 gxf6 12. Bh4 Rg8 13. g3 d5 14. Bb3 Nc6 15. Nc3 f5 16. Bxe7+ Kxe7 17. Ne2 e5 18. Nh4 Qg5 19. Nf3 Qg7 20. Bxd5 f4 21. g4 Bxg4 22. hxg4 Qxg4+ 23. Ng3 fxg3 24. fxg3 Qxg3+ 25. Kh1 Qg2# 0-1

[Event "Otocec Krka Terme op"]
[Site "Otocec"]
[Date "2018.12.26"]
[Round "4"]
[White "Sinur, Zarja"]
[Black "Sumak, Klemen"]
[Result "0-1"]
[WhiteElo "1477"]
[BlackElo "1569"]
[PlyCount "154"]
[EventDate "2018.12.25"]
[EventType "swiss"]
[EventRounds "9"]
[EventCountry "SLO"]
[SourceTitle "EXT 2020"]
[Source "ChessBase"]
[SourceDate "2019.10.17"]
[SourceVersion "1"]
[SourceVersionDate "2019.10.17"]
[SourceQuality "1"]

1. e4 e5 2. Nf3 Nc6 3. c3 Bc5 4. d4 exd4 5. cxd4 Bb6 6. d5 Ba5+ 7. Nbd2 Nce7 8. Bb5 Nf6 9. e5 Ne4 10. 0-0 Nxd2 11. Nxd2 0-0 12. d6 cxd6 13. exd6 Bxd2 14. Bxd2 Nc6 15. Qc1 a6 16. Bxc6 dxc6 17. Bg5 Qxd6 18. Qf4 Qxf4 19. Bxf4 h6 20. Rae1 Be6 21. Bd6 Rfd8 22. Be7 Rd7 23. Bh4 Bxa2 24. Re7 Rxe7 25. Bxe7 Bc4 26. Rc1 Be2 27. h3 Re8 28. Bc5 Re5 29. Bd6 Rd5 30. Be7 f6 31. b4 Kf7 32. Bc5 Bb5 33. Re1 Re5 34. Be3 Ke7 35. Bd2 Rxe1+ 36. Bxe1 b6 37. f4 c5 38. bxc5 bxc5 39. g4 Ke6 40. f5+ Kd5 41. h4 Kd4 42. Bf2+ Kc4 43. g5 hxg5 44. hxg5 fxg5 45. Be3 g4 46. Kf2 Kb4 47. Kg2 Be2 48. Kg3 c4 49. Bd4 Bd3 50. f6 gxf6 51. Bxf6 c3 52. Bg5 c2 53. Kxg4 Kb3 54. Kh5 Kb2 55. Bd2 c1Q 56. Bxc1+ Kxc1 57. Kg5 a5 58. Kf4 a4 59. Ke3 Bc2 60. Kd4 a3 61. Ke5 a2 62. Kd4 a1Q+ 63. Kd5 Qa4 64. Ke6 Qb5 65. Kd6 Qf5 66. Kc6 Qe5 67. Kd7 Qf6 68. Kc7 Qe6 69. Kd8 Qf7 70. Kc8 Bf5+ 71. Kd8 Be4 72. Kc8 Kb2 73. Kd8 Kc3 74. Kc8 Kd4 75. Kd8 Kc5 76. Kc8 Qe7 77. Kb8 Qb7# 0-1